Hostos, ciudadano de América / (Record no. 103626)

MARC details
000 -LEADER
campo de control de longitud fija 00759nam a2200229 i 4500
001 - NÚMERO DE CONTROL
campo de control 103626
003 - IDENTIFICADOR DE NÚMERO DE CONTROL
campo de control ES-MaACL
005 - FECHA Y HORA DE LA ÚLTIMA TRANSACCIÓN
campo de control 20250719031950.0
007 - CAMPO FIJO DE DESCRIPCIÓN FÍSICA--INFORMACIÓN GENERAL
campo de control de longitud fija t|
008 - DATOS DE LONGITUD FIJA--INFORMACIÓN GENERAL
campo de control de longitud fija 060425s1964 pr ||||1| spa d
080 ## - NÚMERO DE LA CLASIFICACIÓN DECIMAL UNIVERSAL
Número de la Clasificación Decimal Universal 929 Hostos, Eugenio María de
100 1# - ENTRADA PRINCIPAL--NOMBRE DE PERSONA
Nombre de persona Pedreira, Antonio S.
9 (RLIN) 89899
245 10 - MENCIÓN DEL TÍTULO
Título Hostos, ciudadano de América /
Mención de responsabilidad, etc. Antonio S. Pedreira.
260 ## - PUBLICACIÓN, DISTRIBUCIÓN, ETC.
Lugar de publicación, distribución, etc. San Juan, Puerto Rico :
Nombre del editor, distribuidor, etc. Instituto de Cultura Puertorriqueña,
Fecha de publicación, distribución, etc. 1964.
300 ## - DESCRIPCIÓN FÍSICA
Extensión 222 p. ;
Dimensiones 18 cm.
490 1# - MENCIÓN DE SERIE
Mención de serie Biblioteca popular
600 17 - PUNTO DE ACCESO ADICIONAL DE MATERIA--NOMBRE DE PERSONA
Nombre de persona Hostos, Eugenio María de,
Fechas asociadas al nombre 1839-1903
Fuente del encabezamiento o término embne
9 (RLIN) 64302
710 2# - ENTRADA AGREGADA--NOMBRE DE ENTIDAD CORPORATIVA
Nombre de entidad corporativa o nombre de jurisdicción como elemento de entrada Instituto de Cultura Puertorriqueña.
9 (RLIN) 4858
830 0# - PUNTO DE ACCESO ADICIONAL DE SERIE-TÍTULO UNIFORME
Título uniforme Biblioteca popular
9 (RLIN) 181768
852 ## - LOCALIZACIÓN
Ubicación ES-MaACL
Número de control de estantería C-56856
Sublocalización o colección R.137510
Holdings
Estatus retirado Estado de pérdida Estado de daño No para préstamo Biblioteca de origen Biblioteca actual Ubicación en estantería Fecha de adquisición Fuente de adquisición Total de préstamos Signatura topográfica completa Código de barras Visto por última vez Precio de reemplazo Tipo de ítem Koha
        Biblioteca del Ateneo de Madrid Biblioteca del Ateneo de Madrid Depósito 2 17/01/2008     C-56856 1108195 23/02/2023 23/02/2023 Libro impreso